HARUNMURNI : (Record no. 203594)

MARC details
000 -LEADER
fixed length control field 00947nam a2200265 i 4500
005 - DATE AND TIME OF LATEST TRANSACTION
control field 20260405163958.0
008 - FIXED-LENGTH DATA ELEMENTS--GENERAL INFORMATION
fixed length control field 260330s2024 my o gr | 000 0 may d
020 ## - INTERNATIONAL STANDARD BOOK NUMBER
International Standard Book Number 9786299959403
Terms of availability RM40.00
Qualifying information paperback
040 ## - CATALOGING SOURCE
Original cataloging agency PPAK
Language of cataloging eng
Transcribing agency PPAK
Description conventions rda
082 04 - DEWEY DECIMAL CLASSIFICATION NUMBER
Edition number 23
Classification number 808.882
090 00 - LOCALLY ASSIGNED LC-TYPE CALL NUMBER (OCLC); LOCAL CALL NUMBER (RLIN)
Classification number (OCLC) (R) ; Classification number, CALL (RLIN) (NR) 808.882
Feature heading HAR
Feature heading G
100 0# - MAIN ENTRY--PERSONAL NAME
Personal name Harun Kassim,
Relator term author.
245 10 - TITLE STATEMENT
Title HARUNMURNI :
Remainder of title KENAL PASTI BIG WHY /
Statement of responsibility, etc. HARUN KASIM, MAHASURIA IDRIS ; Editor: The Heartier
264 #1 - PRODUCTION, PUBLICATION, DISTRIBUTION, MANUFACTURE, AND COPYRIGHT NOTICE
Place of production, publication, distribution, manufacture Durian Tunggal, Melaka :
Name of producer, publisher, distributor, manufacturer HARMONY VIP NETWORK ENTERPRISE,
Date of production, publication, distribution, manufacture, or copyright notice [2024?]
300 ## - PHYSICAL DESCRIPTION
Extent 152 pages, 7 unnumbered pages :
Other physical details colour photographs, illustrations ;
Dimensions 21 cm
336 ## - CONTENT TYPE
Content type term text
Source rdacontent
337 ## - MEDIA TYPE
Media type term unmediated
Source rdamedia
338 ## - CARRIER TYPE
Carrier type term volume
Source rdacarrier
650 10 - SUBJECT ADDED ENTRY--TOPICAL TERM
Topical term or geographic name entry element Anecdotes
Topical term or geographic name entry element Motivation (Psychology)
Topical term or geographic name entry element Success
700 0# - ADDED ENTRY--PERSONAL NAME
Personal name Mahasuria Idris,
Relator term author.
710 2# - ADDED ENTRY--CORPORATE NAME
Corporate name or jurisdiction name as entry element The Heartier,
Relator term editor.
942 ## - ADDED ENTRY ELEMENTS (KOHA)
Source of classification or shelving scheme Dewey Decimal Classification
Koha item type Book
Holdings
Withdrawn Not for loan Current library Shelving location Date acquired Total Checkouts Full call number Barcode Date last seen Koha item type
    Perpustakaan Alor Setar Pinjaman Dewasa 09/04/2026   808.882 HAR A01907150 09/04/2026 Book
    Perpustakaan Awam Sungai Petani Pinjaman Dewasa 09/04/2026   808.882 HAR A01907151 09/04/2026 Book
    Perpustakaan Baling Pinjaman Dewasa 09/04/2026   808.882 HAR A01907155 09/04/2026 Book
    Perpustakaan Bandar Baharu Pinjaman Dewasa 09/04/2026   808.882 HAR A01907156 09/04/2026 Book
    Perpustakaan Jitra Pinjaman Dewasa 09/04/2026   808.882 HAR A01907152 09/04/2026 Book
    Perpustakaan Kuala Nerang Pinjaman Dewasa 09/04/2026   808.882 HAR A01907160 09/04/2026 Book
    Perpustakaan Kulim Pinjaman Dewasa 09/04/2026   808.882 HAR A01907154 09/04/2026 Book
    Perpustakaan Langkawi Pinjaman Dewasa 09/04/2026   808.882 HAR A01907153 09/04/2026 Book
    Perpustakaan Merbok Pinjaman Dewasa 09/04/2026   808.882 HAR A01907157 09/04/2026 Book
    Perpustakaan Pendang Pinjaman Dewasa 09/04/2026   808.882 HAR A01907161 09/04/2026 Book
    Perpustakaan Sik Pinjaman Dewasa 09/04/2026   808.882 HAR A01907159 09/04/2026 Book
    Perpustakaan Yan Pinjaman Dewasa 09/04/2026   808.882 HAR A01907158 09/04/2026 Book
    Bergerak 1, Alor Setar Pinjaman Dewasa 09/04/2026   808.882 HAR A01907162 09/04/2026 Book
    Bergerak 3, Baling Pinjaman Dewasa 09/04/2026   808.882 HAR A01907163 09/04/2026 Book
    Bergerak 4, Sungai Petani Pinjaman Dewasa 09/04/2026   808.882 HAR A01907164 09/04/2026 Book
    Bergerak 5, Kulim Pinjaman Dewasa 09/04/2026   808.882 HAR A01907165 09/04/2026 Book